| 000 | 00981nam a22002777a 4500 | ||
|---|---|---|---|
| 001 | 03113 | ||
| 003 | HDC | ||
| 007 | cr bn --- | ||
| 008 | 210103b20092009ne ||||| |||| 00| 0 eng d | ||
| 022 | _a1029-3132 | ||
| 040 | _aHDC | ||
| 245 | 4 |
_aThe Entrepreneurial of Malaysian Small and Medium Enterprises (SMEs) in Logistic _b: Practice, Challenge, Performance And Innovation _c/ Osman bin Jusoh and Hariri bin Kamis |
|
| 260 |
_aNetherlands: _bElsevier, _c2009 |
||
| 300 | _a1 online resource (21 pages) | ||
| 336 |
_atext _2rdacontent |
||
| 337 |
_acomputer _2rdamedia |
||
| 338 |
_aonline resource _2rdacarrier |
||
| 500 |
_aExtract from: Asia Pacific Management Review, 2009 _aIncludes bibliographical references |
||
| 650 |
_aSmall and Medium Enterprises (SMEs) _zMalaysia _91799 |
||
| 650 |
_aSmall business _zMalaysia _91307 |
||
| 700 |
_aHariri bin Kamis _eauthor _91999 |
||
| 700 |
_aOsman bin Jusoh _eauthor _91998 |
||
| 942 | _2lcc | ||
| 942 | _cAR | ||
| 942 | _kJART 002546 | ||
| 999 |
_c499 _d499 |
||